<?xml version="1.0" encoding="UTF-8"?>
<collection xmlns="http://www.loc.gov/MARC21/slim">
 <record>
  <leader>02710nam a22003497a 4500</leader>
  <controlfield tag="001">NCT_42540</controlfield>
  <controlfield tag="008">180615b        xxu||||| |||| 00| 0 vie d</controlfield>
  <datafield tag="999" ind1=" " ind2=" ">
   <subfield code="c">2040</subfield>
   <subfield code="d">2040</subfield>
  </datafield>
  <datafield tag="020" ind1=" " ind2=" ">
   <subfield code="a">9786040095220</subfield>
   <subfield code="c">55000</subfield>
  </datafield>
  <datafield tag="082" ind1="0" ind2="4">
   <subfield code="2">23rd ed.</subfield>
   <subfield code="a">530.1</subfield>
   <subfield code="b">H188</subfield>
  </datafield>
  <datafield tag="100" ind1="1" ind2=" ">
   <subfield code="a">Halliday, David</subfield>
  </datafield>
  <datafield tag="245" ind1="1" ind2="0">
   <subfield code="a">Cơ sở vật lý</subfield>
   <subfield code="n">Tập 3</subfield>
   <subfield code="p">Nhiệt học</subfield>
   <subfield code="c">David Halliday, Robert Resnick,  Jearl Walker </subfield>
  </datafield>
  <datafield tag="250" ind1=" " ind2=" ">
   <subfield code="a">Tái bản lần thứ mười hai</subfield>
  </datafield>
  <datafield tag="260" ind1=" " ind2=" ">
   <subfield code="a">H.</subfield>
   <subfield code="b">Giáo dục Việt Nam</subfield>
   <subfield code="c">2017</subfield>
  </datafield>
  <datafield tag="300" ind1=" " ind2=" ">
   <subfield code="a">193  tr.</subfield>
   <subfield code="c">27cm</subfield>
   <subfield code="b">hình vẽ</subfield>
  </datafield>
  <datafield tag="520" ind1="3" ind2=" ">
   <subfield code="a">Quyển sách &quot;CƠ SỞ VẬT LÍ - Tập Ba: trình bày lý thuyết và bài tập về nhiệt động lực học, nhiệt độ, nhiệt giai, nhiệt lượng, định luật thứ nhất của nhiệt động lực học, thuyết động học chất khí, Entropi và định luật thứ hai của nhiệt động lực học.</subfield>
  </datafield>
  <datafield tag="653" ind1=" " ind2=" ">
   <subfield code="a">Khoa học cơ bản</subfield>
  </datafield>
  <datafield tag="700" ind1="1" ind2=" ">
   <subfield code="a">Resnick, Robert</subfield>
  </datafield>
  <datafield tag="700" ind1="1" ind2=" ">
   <subfield code="a">Walker, Jearl</subfield>
  </datafield>
  <datafield tag="700" ind1="1" ind2=" ">
   <subfield code="a">Nguyễn Viết Kính</subfield>
   <subfield code="e">Dịch</subfield>
  </datafield>
  <datafield tag="942" ind1=" " ind2=" ">
   <subfield code="2">ddc</subfield>
   <subfield code="c">BK</subfield>
  </datafield>
  <datafield tag="952" ind1=" " ind2=" ">
   <subfield code="0">0</subfield>
   <subfield code="1">0</subfield>
   <subfield code="2">ddc</subfield>
   <subfield code="4">0</subfield>
   <subfield code="6">530_100000000000000_H188</subfield>
   <subfield code="7">0</subfield>
   <subfield code="9">10943</subfield>
   <subfield code="a">000001</subfield>
   <subfield code="b">000001</subfield>
   <subfield code="d">2018-06-16</subfield>
   <subfield code="o">530.1 H188</subfield>
   <subfield code="p">MD.10450</subfield>
   <subfield code="r">2018-06-16</subfield>
   <subfield code="v">55000.00</subfield>
   <subfield code="w">2018-06-16</subfield>
   <subfield code="y">BK</subfield>
  </datafield>
  <datafield tag="952" ind1=" " ind2=" ">
   <subfield code="0">0</subfield>
   <subfield code="1">0</subfield>
   <subfield code="2">ddc</subfield>
   <subfield code="4">0</subfield>
   <subfield code="6">530_100000000000000_H188</subfield>
   <subfield code="7">0</subfield>
   <subfield code="9">10944</subfield>
   <subfield code="a">000001</subfield>
   <subfield code="b">000001</subfield>
   <subfield code="d">2018-06-16</subfield>
   <subfield code="o">530.1 H188</subfield>
   <subfield code="p">MD.10451</subfield>
   <subfield code="r">2018-06-16</subfield>
   <subfield code="v">55000.00</subfield>
   <subfield code="w">2018-06-16</subfield>
   <subfield code="y">BK</subfield>
  </datafield>
  <datafield tag="952" ind1=" " ind2=" ">
   <subfield code="0">0</subfield>
   <subfield code="1">0</subfield>
   <subfield code="2">ddc</subfield>
   <subfield code="4">0</subfield>
   <subfield code="6">530_100000000000000_H188</subfield>
   <subfield code="7">0</subfield>
   <subfield code="9">10945</subfield>
   <subfield code="a">000001</subfield>
   <subfield code="b">000001</subfield>
   <subfield code="d">2018-06-16</subfield>
   <subfield code="o">530.1 H188</subfield>
   <subfield code="p">MD.10452</subfield>
   <subfield code="r">2018-06-16</subfield>
   <subfield code="v">55000.00</subfield>
   <subfield code="w">2018-06-16</subfield>
   <subfield code="y">BK</subfield>
  </datafield>
  <datafield tag="952" ind1=" " ind2=" ">
   <subfield code="0">0</subfield>
   <subfield code="1">0</subfield>
   <subfield code="2">ddc</subfield>
   <subfield code="4">0</subfield>
   <subfield code="6">530_100000000000000_H188</subfield>
   <subfield code="7">0</subfield>
   <subfield code="9">10946</subfield>
   <subfield code="a">000001</subfield>
   <subfield code="b">000001</subfield>
   <subfield code="d">2018-06-16</subfield>
   <subfield code="o">530.1 H188</subfield>
   <subfield code="p">MD.10453</subfield>
   <subfield code="r">2018-06-16</subfield>
   <subfield code="v">55000.00</subfield>
   <subfield code="w">2018-06-16</subfield>
   <subfield code="y">BK</subfield>
  </datafield>
  <datafield tag="952" ind1=" " ind2=" ">
   <subfield code="0">0</subfield>
   <subfield code="1">0</subfield>
   <subfield code="2">ddc</subfield>
   <subfield code="4">0</subfield>
   <subfield code="6">530_100000000000000_H188</subfield>
   <subfield code="7">0</subfield>
   <subfield code="9">10947</subfield>
   <subfield code="a">000001</subfield>
   <subfield code="b">000001</subfield>
   <subfield code="d">2018-06-16</subfield>
   <subfield code="o">530.1 H188</subfield>
   <subfield code="p">MD.10454</subfield>
   <subfield code="r">2018-06-16</subfield>
   <subfield code="v">55000.00</subfield>
   <subfield code="w">2018-06-16</subfield>
   <subfield code="y">BK</subfield>
  </datafield>
  <datafield tag="952" ind1=" " ind2=" ">
   <subfield code="0">0</subfield>
   <subfield code="1">0</subfield>
   <subfield code="2">ddc</subfield>
   <subfield code="4">0</subfield>
   <subfield code="6">530_100000000000000_H188</subfield>
   <subfield code="7">0</subfield>
   <subfield code="9">10948</subfield>
   <subfield code="a">000001</subfield>
   <subfield code="b">000001</subfield>
   <subfield code="d">2018-06-16</subfield>
   <subfield code="o">530.1 H188</subfield>
   <subfield code="p">MD.10455</subfield>
   <subfield code="r">2018-06-16</subfield>
   <subfield code="v">55000.00</subfield>
   <subfield code="w">2018-06-16</subfield>
   <subfield code="y">BK</subfield>
  </datafield>
  <datafield tag="952" ind1=" " ind2=" ">
   <subfield code="0">0</subfield>
   <subfield code="1">0</subfield>
   <subfield code="2">ddc</subfield>
   <subfield code="4">0</subfield>
   <subfield code="6">530_100000000000000_H188</subfield>
   <subfield code="7">0</subfield>
   <subfield code="9">10949</subfield>
   <subfield code="a">000001</subfield>
   <subfield code="b">000001</subfield>
   <subfield code="d">2018-06-16</subfield>
   <subfield code="o">530.1 H188</subfield>
   <subfield code="p">MD.10456</subfield>
   <subfield code="r">2018-06-16</subfield>
   <subfield code="v">55000.00</subfield>
   <subfield code="w">2018-06-16</subfield>
   <subfield code="y">BK</subfield>
  </datafield>
  <datafield tag="952" ind1=" " ind2=" ">
   <subfield code="0">0</subfield>
   <subfield code="1">0</subfield>
   <subfield code="2">ddc</subfield>
   <subfield code="4">0</subfield>
   <subfield code="6">530_100000000000000_H188</subfield>
   <subfield code="7">0</subfield>
   <subfield code="9">10950</subfield>
   <subfield code="a">000001</subfield>
   <subfield code="b">000001</subfield>
   <subfield code="d">2018-06-16</subfield>
   <subfield code="o">530.1 H188</subfield>
   <subfield code="p">MD.10457</subfield>
   <subfield code="r">2018-06-16</subfield>
   <subfield code="v">55000.00</subfield>
   <subfield code="w">2018-06-16</subfield>
   <subfield code="y">BK</subfield>
  </datafield>
  <datafield tag="952" ind1=" " ind2=" ">
   <subfield code="0">0</subfield>
   <subfield code="1">0</subfield>
   <subfield code="2">ddc</subfield>
   <subfield code="4">0</subfield>
   <subfield code="6">530_100000000000000_H188</subfield>
   <subfield code="7">0</subfield>
   <subfield code="9">10951</subfield>
   <subfield code="a">000001</subfield>
   <subfield code="b">000001</subfield>
   <subfield code="d">2018-06-16</subfield>
   <subfield code="o">530.1 H188</subfield>
   <subfield code="p">MD.10458</subfield>
   <subfield code="r">2018-06-16</subfield>
   <subfield code="v">55000.00</subfield>
   <subfield code="w">2018-06-16</subfield>
   <subfield code="y">BK</subfield>
  </datafield>
  <datafield tag="952" ind1=" " ind2=" ">
   <subfield code="0">0</subfield>
   <subfield code="1">0</subfield>
   <subfield code="2">ddc</subfield>
   <subfield code="4">0</subfield>
   <subfield code="6">530_100000000000000_H188</subfield>
   <subfield code="7">0</subfield>
   <subfield code="9">10952</subfield>
   <subfield code="a">000001</subfield>
   <subfield code="b">000001</subfield>
   <subfield code="d">2018-06-16</subfield>
   <subfield code="o">530.1 H188</subfield>
   <subfield code="p">MD.10459</subfield>
   <subfield code="r">2018-06-16</subfield>
   <subfield code="v">55000.00</subfield>
   <subfield code="w">2018-06-16</subfield>
   <subfield code="y">BK</subfield>
  </datafield>
  <datafield tag="980" ind1=" " ind2=" ">
   <subfield code="a">Thư viện Trường Đại học Nam Cần Thơ</subfield>
  </datafield>
 </record>
</collection>
